Statistics for List of ALL cities in Colorado

Click here to take the quiz!

General Stats

  • This quiz has been taken 156 times
  • The average score is 29 of 75

Answer Stats

First letter Answer % Correct
DDenver
97%
CColorado Springs
95%
AAurora
88%
BBoulder
88%
FFort Collins
82%
PPueblo
79%
AArvada
78%
AAspen
77%
GGrand Junction
76%
GGreeley
73%
LLittleton
69%
GGolden
68%
LLakewood
68%
LLoveland
63%
DDurango
60%
LLongmont
59%
WWestminster
58%
CCentennial
55%
TThornton
55%
GGlenwood Springs
55%
BBroomfield
53%
AAlamosa
49%
EEnglewood
47%
FFort Morgan
47%
MMontrose
46%
TTrinidad
44%
BBrighton
44%
SSteamboat Springs
44%
IIdaho Springs
41%
CCortez
40%
RRifle
37%
CCañon City
37%
LLouisville
37%
LLafayette
36%
FFort Lupton
36%
FFruita
35%
LLeadville
35%
OOuray
33%
WWheat Ridge
33%
GGunnison
33%
SSterling
32%
BBurlington
31%
YYuma
31%
CCraig
31%
DDelta
27%
LLamar
27%
SSalida
26%
WWalsenburg
24%
FFountain
24%
LLa Junta
24%
WWoodland Park
23%
EEvans
23%
BBrush
22%
GGreenwood Village
22%
NNorthglenn
22%
CCentral City
22%
MManitou Springs
21%
CCastle Pines
19%
CCripple Creek
18%
BBlack Hawk
18%
CCreed
17%
RRocky Ford
17%
SSheridan
17%
GGlendale
17%
DDacono
15%
WWray
15%
EEdgewater
14%
LLone Tree
14%
FFederal Heights
14%
MMonte Vista
14%
VVictor
12%
HHolyoke
12%
LLas Animas
12%
CCherry Hills Village
9%
FFlorence
6%

Score Distribution

Percentile by Number Answered

Percent of People with Each Score

Your Score History

You have not taken this quiz